00370nam a2200133 a 450000500170000000800410001702000180005805000180007610000240009424500440011826000360016230000140019844000240021220140412111427.0090718s19uu xx 00 eng d a0-307-96011-0 aERbPo75 2001 aRogers, Amy Keating aCreature Teacher /cAmy Keating Rogers. aNew York :bGolden book,c2001. a1 v. unp. aThe Powerpuff girls